| 000 | 00875nam a2200265 i 4500 | ||
|---|---|---|---|
| 001 | 182214 | ||
| 003 | ES-MaACL | ||
| 005 | 20251017112125.0 | ||
| 008 | 130626s2012 sp a | |||||||| | spa d | ||
| 020 | _a978-84-695-4343-6 | ||
| 080 | _a821.134.2-14"19" | ||
| 100 | 1 |
_aLandeira, Joy. _9153026 |
|
| 245 | 1 | 0 |
_aJaiku compostelano / _cJoy Landeira. |
| 250 | _a1ª ed. | ||
| 260 |
_aSantiago de Compostela : _bFollas Novas, _c2012. |
||
| 300 |
_a134 p. : _bil. col. ; _c22 cm. |
||
| 490 | 1 |
_aLos libros del caracol ; _v21 |
|
| 504 | _aBibliografía: p. 129-134. | ||
| 650 | 7 |
_9138415 _aHaiku |
|
| 830 | 0 |
_aLos libros del caracol ; _v21 _9186854 |
|
| 852 |
_aES-MaACL _jA-12787 _9189125 _bR.149006 _cDEPO1 _dOlim: N-5787 |
||
| 942 |
_2udc _cMONOGRAFIA _n0 |
||
| 954 | _iJulia Mas | ||
| 999 |
_c182214 _d182214 |
||